La guía máxima : aves predadoras /
Documental sobre las características de las diversas especies de aves de rapiña: búhos, buitres, águilas, halcones, etcétera.
Guardado en:
| Autor principal: | |
|---|---|
| Otros autores: | , , , , |
| Formato: | |
| Idioma: | Español |
| Temas: | |
| Etiquetas: |
Sin etiquetas, Sé el primero en etiquetar este registro!
|
MARC
| LEADER | 00000ngm^a2200000^a^4500 | ||
|---|---|---|---|
| 001 | 000118386 | ||
| 005 | 20250521000000.0 | ||
| 009 | 20260310094240.59 | ||
| 037 | |a Acervo ITESO - Biblioteca | ||
| 041 | |a ESP | ||
| 082 | |a 591. |b GUI V. 5 | ||
| 100 | |a Gorst, Martin |e (autor) | ||
| 240 | 1 | 4 | |a [La guía máxima] |
| 245 | 1 | 3 | |a La guía máxima : |b aves predadoras / |c M. Gorst. |
| 264 | |a EUA : |b Windfall Films : |b Discovery Channel ; |a México : |b Videovisa [dist.], |c 1997 | ||
| 300 | |a 1 videocasete VHS |c (56 min.) | ||
| 336 | |a imagen móvil bidimensional |b tdi |2 rdacontenido | ||
| 337 | |a video |b v |2 rdamedio | ||
| 338 | |a videocasete |b vf |2 rdasoporte | ||
| 500 | |a Traducción de: The ultimate guide to birds of prey | ||
| 520 | |a Documental sobre las características de las diversas especies de aves de rapiña: búhos, buitres, águilas, halcones, etcétera. | ||
| 546 | |a Doblaje al español | ||
| 649 | |a XX | ||
| 650 | |a Aguilas | ||
| 650 | |a Aves de Rapiña | ||
| 650 | |a Vertebrados | ||
| 650 | |a Ornitología | ||
| 650 | |a Fauna | ||
| 650 | |a Etología | ||
| 650 | |a Zoología | ||
| 700 | |a Gorst, Martin |e (guión) | ||
| 700 | |a Coles, Mike |e (fotógrafo) | ||
| 700 | |a Cox, Christopher |e (fotógrafo) | ||
| 700 | |a Davison, Damian |e (fotógrafo) | ||
| 700 | |a Whitten, Chris |e (música) | ||
| 910 | |a Fondo General | ||
| 920 | |a Audiovisuales - Videocasetes | ||
| 905 | |a 301 | ||
| 901 | |a 0500047180 |b IT2 |c VIS |u 20250521 | ||
| 902 | |a https://opac.biblio.iteso.mx/vufind/Record/000118386 | ||